[Event "Obro 60 aar"]
[Site "Kobenhavn"]
[Date "1996.10.13"]
[Round "2"]
[White "Toldsted, Jorgen"]
[Black "Henrichsen, Jens"]
[Result "0-1"]
[WhiteElo "2000"]
[BlackElo "2075"]
[PlyCount "82"]
[EventDate "1996.10.12"]
[EventCountry "DEN"]
[SourceVersionDate "2022.08.28"]

1. d4 Nf6 2. Bg5 e6 3. Nf3 h6 4. Bh4 d5 5. e3 Be7 6. Nbd2 Nbd7 7. Bd3 c5 8. c3
b6 9. Qa4 O-O 10. Ne5 Nxe5 11. dxe5 Nd7 12. Bg3 Qc7 13. Nf3 c4 14. Bb1 Nc5 15.
Qd1 Bd7 16. Nd4 Rfb8 17. Bf4 Bf8 18. h4 b5 19. a3 a5 20. h5 b4 21. g4 bxc3 22.
bxc3 Rb2 23. Rg1 Rab8 24. g5 Ba4 25. Bc2 Bxc2 26. Nxc2 Nd3+ 27. Kf1 Rxc2 28.
Qxc2 Rb2 29. Qxb2 Nxb2 30. gxh6 Kh7 31. hxg7 Bxg7 32. h6 Bf8 33. Rg4 Na4 34.
Kg2 Nxc3 35. Kf3 d4 36. exd4 Qb7+ 37. Kg3 Ne4+ 38. Kh2 Nxf2 39. Rg2 Qf3 40. Bd2
Qh3+ 41. Kg1 Qh1+ 0-1

[Event "Obro 60 aar"]
[Site "Kobenhavn"]
[Date "1996.10.13"]
[Round "2"]
[White "Petersen, Steen Brustrup"]
[Black "Rimestad, Arild"]
[Result "1-0"]
[WhiteElo "2150"]
[BlackElo "2000"]
[PlyCount "55"]
[EventDate "1996.10.12"]
[EventCountry "DEN"]
[SourceVersionDate "2022.08.28"]

1. e4 d5 2. exd5 Qxd5 3. Nc3 Qa5 4. d4 Bf5 5. Bc4 e6 6. Nf3 Nd7 7. Bd2 c6 8.
Qe2 Bb4 9. a3 Ngf6 10. O-O-O Bxc3 11. Bxc3 Qc7 12. Kb1 O-O-O 13. h3 Rhe8 14.
Bd2 Nb6 15. Bb3 Ne4 16. Ba5 h6 17. Ka2 Qe7 18. c4 Rd7 19. g4 Bh7 20. Bc2 Nxc4
21. Qxc4 Nxf2 22. Bxh7 Nxh1 23. Rxh1 g6 24. Ne5 Rd5 25. Bb4 Qd8 26. Nxf7 Rxd4
27. Nxd8 Rxc4 28. Nf7 1-0

[Event "Obro 60 aar"]
[Site "Kobenhavn"]
[Date "1996.10.13"]
[Round "2"]
[White "Clausen, Steen"]
[Black "Backlund, Anders"]
[Result "1/2-1/2"]
[WhiteElo "2260"]
[BlackElo "2190"]
[PlyCount "51"]
[EventDate "1996.10.12"]
[EventCountry "DEN"]
[SourceVersionDate "2022.08.28"]

1. d4 e6 2. c4 Nf6 3. Nf3 Bb4+ 4. Bd2 Qe7 5. g3 O-O 6. Bg2 Bxd2+ 7. Nbxd2 d6 8.
O-O e5 9. e4 Bg4 10. d5 c6 11. b4 cxd5 12. cxd5 Na6 13. Qb3 Rfc8 14. Rfc1 Rc7
15. h3 Bxf3 16. Bxf3 Rac8 17. Qb2 g6 18. a3 Rxc1+ 19. Rxc1 Rxc1+ 20. Qxc1 Qc7
21. Qxc7 Nxc7 22. Nc4 Nfe8 23. Na5 b5 24. Bg4 Nf6 25. f3 Nxg4 26. hxg4 1/2-1/2

[Event "Obro 60 aar"]
[Site "Kobenhavn"]
[Date "1996.10.13"]
[Round "2"]
[White "Spoer, Morten"]
[Black "Olsen, Heini"]
[Result "0-1"]
[WhiteElo "2000"]
[BlackElo "2315"]
[PlyCount "74"]
[EventDate "1996.10.12"]
[EventCountry "DEN"]
[SourceVersionDate "2022.08.28"]

1. e4 c6 2. d4 d5 3. exd5 cxd5 4. Bd3 Nc6 5. c3 Nf6 6. Bf4 Bg4 7. Qb3 Qc8 8.
Nd2 e6 9. Ngf3 Be7 10. O-O O-O 11. Rfe1 Bh5 12. Ne5 Nxe5 13. Bxe5 Nd7 14. Qc2
Bg6 15. Bxg6 hxg6 16. Qd3 Qc6 17. g4 b5 18. Qg3 f6 19. Bf4 g5 20. Be3 Rf7 21.
Nf1 Bd6 22. Qg2 Nf8 23. Bd2 Ng6 24. Ng3 Nh4 25. Qh1 Re7 26. Re2 Kf7 27. Rf1 Qc7
28. f4 gxf4 29. Nf5 f3 30. Nxd6+ Qxd6 31. Rxf3 Nxf3+ 32. Qxf3 e5 33. Kh1 exd4
34. cxd4 Rxe2 35. Qxe2 Qe6 36. Qxb5 Qe4+ 37. Kg1 Re8 0-1

[Event "Obro 60 aar"]
[Site "Kobenhavn"]
[Date "1996.10.13"]
[Round "2"]
[White "Larsen, Peter"]
[Black "Olesen, Martin"]
[Result "0-1"]
[WhiteElo "2085"]
[BlackElo "2370"]
[PlyCount "64"]
[EventDate "1996.10.12"]
[EventCountry "DEN"]
[SourceVersionDate "2022.08.28"]

1. e4 e5 2. Bc4 d6 3. Nc3 Nf6 4. d3 Be7 5. f4 exf4 6. Bxf4 c6 7. Nf3 d5 8. Bb3
O-O 9. O-O dxe4 10. Nxe4 Na6 11. Nfg5 Nd5 12. Bd2 h6 13. Nf3 Qb6+ 14. Kh1 Nc5
15. Nxc5 Qxc5 16. d4 Qd6 17. Ne5 Be6 18. c3 c5 19. Bc2 cxd4 20. cxd4 Rac8 21.
Be4 Qb6 22. Qf3 Qxd4 23. Bf4 f5 24. Bxd5 Bxd5 25. Qg3 Rc2 26. Rg1 g5 27. Ng6
Rf7 28. Be5 Qg4 29. Qxg4 fxg4 30. Nxe7+ Rxe7 31. Rae1 h5 32. Bc3 Rxe1 0-1

[Event "Obro 60 aar"]
[Site "Kobenhavn"]
[Date "1996.10.13"]
[Round "2"]
[White "Larsen, Flemming Bo"]
[Black "Palm, Nikolaj"]
[Result "1-0"]
[WhiteElo "2000"]
[BlackElo "2260"]
[PlyCount "85"]
[EventDate "1996.10.12"]
[EventCountry "DEN"]
[SourceVersionDate "2022.08.28"]

1. c4 c6 2. Nf3 d5 3. b3 Bf5 4. g3 Nf6 5. Bg2 e6 6. Bb2 Bd6 7. O-O Nbd7 8. d3
Qe7 9. Nbd2 h6 10. cxd5 cxd5 11. e4 dxe4 12. dxe4 Nxe4 13. Nh4 Nxf2 14. Rxf2
Bc5 15. Nxf5 Bxf2+ 16. Kxf2 exf5 17. Qe1 Nc5 18. Qxe7+ Kxe7 19. Ba3 Rac8 20.
Bxb7 Rc7 21. Rc1 Rxb7 22. Rxc5 Kf6 23. Nf3 Re8 24. Bb2+ Kg6 25. Nh4+ Kh7 26.
Nxf5 Rd7 27. Rc2 g6 28. Ne3 f5 29. Nc4 g5 30. Ne5 Rde7 31. b4 a5 32. b5 Rxe5
33. Bxe5 Rxe5 34. Rb2 Re8 35. b6 Kg6 36. b7 Rb8 37. Ke3 Kh5 38. h3 a4 39. a3
f4+ 40. gxf4 gxf4+ 41. Kxf4 Kh4 42. Ke5 Kxh3 43. Kd6 1-0

[Event "Obro 60 aar"]
[Site "Kobenhavn"]
[Date "1996.10.13"]
[Round "2"]
[White "Nilsson, Nils Specht"]
[Black "Olesen, Michael"]
[Result "1/2-1/2"]
[WhiteElo "2235"]
[BlackElo "2000"]
[PlyCount "65"]
[EventDate "1996.10.12"]
[EventCountry "DEN"]
[SourceVersionDate "2022.08.28"]

1. e4 c5 2. Nf3 e6 3. d4 cxd4 4. Nxd4 Nf6 5. Nc3 d6 6. Be2 Be7 7. Be3 O-O 8.
O-O a6 9. f4 Nbd7 10. Bf3 Qc7 11. Kh1 Nb6 12. Bg1 Bd7 13. Rc1 Rac8 14. e5 dxe5
15. fxe5 Nfd5 16. Nxd5 Nxd5 17. c4 Nb4 18. a3 Nc6 19. Nxc6 Bxc6 20. Bxc6 Qxc6
21. Rc3 Bc5 22. Bxc5 Qxc5 23. Qh5 f5 24. Qf3 Rc6 25. Qf4 Rd8 26. h3 Qd4 27. Qg5
Rd7 28. Qh5 g6 29. Qe2 Rc5 30. Re1 Qd2 31. Qxd2 Rxd2 32. b4 Rc7 33. c5 1/2-1/2

[Event "Obro 60 aar"]
[Site "Kobenhavn"]
[Date "1996.10.13"]
[Round "2"]
[White "Schiodt, Niels Christian"]
[Black "Olsen, Peter Erik"]
[Result "0-1"]
[WhiteElo "2000"]
[BlackElo "2240"]
[PlyCount "68"]
[EventDate "1996.10.12"]
[EventCountry "DEN"]
[SourceVersionDate "2022.08.28"]

1. d4 Nf6 2. c4 c5 3. d5 b5 4. cxb5 a6 5. bxa6 Bxa6 6. Nc3 g6 7. e4 Bxf1 8.
Kxf1 d6 9. Nge2 Bg7 10. h3 O-O 11. Kg1 Nbd7 12. Kh2 Qa5 13. Rb1 Ne5 14. Qc2 Nc4
15. Rd1 Rfb8 16. Kh1 Qb4 17. Nf4 Nd7 18. Nd3 Qa5 19. Bg5 Kf8 20. Qc1 Nxb2 21.
Rxb2 Qxc3 22. Rxb8+ Rxb8 23. Bh6 Qxc1 24. Bxg7+ Kxg7 25. Rxc1 Ra8 26. Rc2 f5
27. exf5 gxf5 28. g3 Kf6 29. Kg2 Ne5 30. Nf4 Ra3 31. Re2 c4 32. Nh5+ Kf7 33.
Rc2 Nd3 34. Nf4 Ne1+ 0-1

[Event "Obro 60 aar"]
[Site "Kobenhavn"]
[Date "1996.10.13"]
[Round "2"]
[White "Larsen, Peder"]
[Black "Jorgensen, Michael"]
[Result "0-1"]
[WhiteElo "2050"]
[BlackElo "2285"]
[PlyCount "80"]
[EventDate "1996.10.12"]
[EventCountry "DEN"]
[SourceVersionDate "2022.08.28"]

1. e4 e6 2. d3 d5 3. Nd2 Nf6 4. Ngf3 c5 5. g3 Nc6 6. Bg2 Be7 7. O-O b6 8. Re1
Bb7 9. Qe2 Qc7 10. Nf1 dxe4 11. dxe4 O-O 12. e5 Nd7 13. h4 Rfd8 14. Bf4 Nd4 15.
Nxd4 cxd4 16. Bxb7 Qxb7 17. Rad1 Nc5 18. Nh2 Rd5 19. Ng4 Rad8 20. Bg5 d3 21.
cxd3 Nxd3 22. Rf1 Bxg5 23. hxg5 Qe7 24. f4 Qc5+ 25. Kh2 Qb4 26. b3 R8d7 27. Ne3
Qe4 28. Qf3 Qxf3 29. Rxf3 Nxe5 30. Nxd5 Nxf3+ 31. Kg2 Nh4+ 32. gxh4 exd5 33.
Rd4 Kf8 34. Kf3 Ke7 35. b4 Kd6 36. h5 Rc7 37. Ke3 f5 38. a4 Re7+ 39. Kd2 Re4
40. Kd3 Re1 0-1

[Event "Obro 60 aar"]
[Site "Kobenhavn"]
[Date "1996.10.13"]
[Round "2"]
[White "Malekian, Babak"]
[Black "Nolsoe, Eydun"]
[Result "1/2-1/2"]
[WhiteElo "2275"]
[BlackElo "2160"]
[PlyCount "66"]
[EventDate "1996.10.12"]
[EventCountry "DEN"]
[SourceVersionDate "2022.08.28"]

1. d4 d5 2. c4 c6 3. e3 Nf6 4. Nc3 e6 5. Nf3 Nbd7 6. Bd3 Be7 7. O-O O-O 8. b3
b6 9. Bb2 Bb7 10. Qe2 Qc7 11. Rac1 Rad8 12. Ne5 dxc4 13. Nxc4 c5 14. dxc5 Nxc5
15. Bb1 b5 16. Nd2 Qb6 17. b4 Na4 18. Nxa4 bxa4 19. Bd4 Qxb4 20. Nf3 Bxf3 21.
Qxf3 Rc8 22. Qe2 Nd5 23. Qa6 Rxc1 24. Rxc1 Qd2 25. Rf1 Nc3 26. Qxa7 Ne2+ 27.
Kh1 Nxd4 28. Qxe7 Nf5 29. Qa3 Rc8 30. Bxf5 exf5 31. Qxa4 Qxf2 32. Qf4 Qxa2 33.
Qxf5 Qe6 1/2-1/2

[Event "Obro 60 aar"]
[Site "Kobenhavn"]
[Date "1996.10.13"]
[Round "2"]
[White "El Kher, Henrik"]
[Black "Overgaard, Christian M"]
[Result "1-0"]
[WhiteElo "2200"]
[BlackElo "2270"]
[PlyCount "63"]
[EventDate "1996.10.12"]
[EventCountry "DEN"]
[SourceVersionDate "2022.08.28"]

1. d4 Nf6 2. c4 e6 3. Nc3 Bb4 4. e3 c5 5. Nge2 cxd4 6. exd4 O-O 7. a3 Be7 8.
Nf4 d5 9. cxd5 Nxd5 10. Ncxd5 exd5 11. Bd3 Nc6 12. O-O Bf6 13. Be3 g6 14. Bc2
Qd6 15. Qd2 Ne7 16. Bb3 Bf5 17. Rac1 Rfc8 18. Rc5 b6 19. Rxc8+ Rxc8 20. Rc1
Rxc1+ 21. Qxc1 Be6 22. Nxe6 fxe6 23. g4 Qc6 24. Qd1 Qb5 25. Kg2 g5 26. h4 gxh4
27. Ba4 Qc4 28. Bd7 h3+ 29. Kxh3 Kf7 30. g5 Bg7 31. Qf3+ Nf5 32. Qh5+ 1-0

[Event "Obro 60 aar"]
[Site "Kobenhavn"]
[Date "1996.10.13"]
[Round "2"]
[White "Aagaard, Jacob"]
[Black "Nilssen, John Arni"]
[Result "1/2-1/2"]
[WhiteElo "2370"]
[BlackElo "2230"]
[PlyCount "68"]
[EventDate "1996.10.12"]
[EventCountry "DEN"]
[SourceVersionDate "2022.08.28"]

1. e4 c5 2. Nf3 Nc6 3. Bb5 g6 4. Bxc6 dxc6 5. h3 e5 6. d3 f6 7. Be3 Nh6 8. Qd2
Nf7 9. Nh2 Bd6 10. f4 Qe7 11. O-O exf4 12. Bxf4 O-O 13. Nc3 Bd7 14. Rf2 Rae8
15. Raf1 Be5 16. Nf3 Bxf4 17. Qxf4 Ne5 18. a4 a5 19. Nxe5 Qxe5 20. Qxe5 fxe5
21. Rxf8+ Rxf8 22. Nb1 Rxf1+ 23. Kxf1 Kf7 24. Nd2 Be6 25. Kf2 Kf6 26. Ke3 b6
27. Nc4 Bxc4 28. dxc4 h6 29. g3 Ke6 30. Kf3 Kf6 31. Ke3 Ke6 32. Kf3 Kf6 33. Ke3
Ke6 34. Kf3 Kf6 1/2-1/2

[Event "Obro 60 aar"]
[Site "Kobenhavn"]
[Date "1996.10.13"]
[Round "2"]
[White "Hansen, Soren Asger"]
[Black "Andersen, Preben"]
[Result "1-0"]
[WhiteElo "2000"]
[BlackElo "2050"]
[PlyCount "63"]
[EventDate "1996.10.12"]
[EventCountry "DEN"]
[SourceVersionDate "2022.08.28"]

1. e4 Nf6 2. e5 Nd5 3. d4 d6 4. Nf3 Bg4 5. Be2 e6 6. O-O Be7 7. c4 Nb6 8. h3
Bh5 9. Be3 O-O 10. Nc3 Nc6 11. exd6 cxd6 12. b3 d5 13. c5 Nc8 14. a3 Bf6 15. b4
Bxf3 16. Bxf3 a6 17. Qd2 N8e7 18. Rad1 Nf5 19. Ne2 Rb8 20. Bg4 Nxe3 21. fxe3 b6
22. Bf3 bxc5 23. bxc5 Na5 24. Rb1 Nc4 25. Qc3 Bg5 26. Nf4 Rxb1 27. Rxb1 Qc7 28.
g3 Rb8 29. Rxb8+ Qxb8 30. Kf2 Bd8 31. Qb4 Qa8 32. Qxc4 1-0

[Event "Obro 60 aar"]
[Site "Kobenhavn"]
[Date "1996.10.13"]
[Round "2"]
[White "Rodgaard, John"]
[Black "Larsen, Karsten"]
[Result "1-0"]
[WhiteElo "2375"]
[BlackElo "2000"]
[PlyCount "100"]
[EventDate "1996.10.12"]
[EventCountry "DEN"]
[SourceVersionDate "2022.08.28"]

1. c4 Nf6 2. Nf3 g6 3. Nc3 Bg7 4. e4 d6 5. d4 O-O 6. Be2 e5 7. O-O Nc6 8. d5
Ne7 9. Ne1 Nd7 10. Be3 f5 11. f3 f4 12. Bf2 h5 13. a4 g5 14. a5 Nf6 15. c5 Ng6
16. cxd6 cxd6 17. Nb5 g4 18. Bxa7 g3 19. Bb6 Qe7 20. Nc7 Nh7 21. Ne6 Qh4 22. h3
Re8 23. Bc4 Ngf8 24. Nd3 Nxe6 25. dxe6 Bxe6 26. Qb3 Ng5 27. Rfc1 Kh7 28. Bxe6
Rxe6 29. Rc2 Rg6 30. Ne1 Nxh3+ 31. gxh3 Qxh3 32. Qf7 Rf8 33. Qxb7 g2 34. Rxg2
Rxg2+ 35. Nxg2 Qxf3 36. Qd7 Qxe4 37. Qh3 f3 38. Qxh5+ Bh6 39. Be3 f2+ 40. Bxf2
Rg8 41. Qh3 Qc2 42. a6 Qxb2 43. Qd3+ Rg6 44. Qb1 Qc3 45. a7 e4 46. Qf1 e3 47.
a8=Q exf2+ 48. Qxf2 Be3 49. Ra7+ Kh6 50. Qaf8+ Kg5 1-0

[Event "Obro 60 aar"]
[Site "Kobenhavn"]
[Date "1996.10.13"]
[Round "2"]
[White "Hartung Nielsen, Jens"]
[Black "Ronneland, Daniel"]
[Result "0-1"]
[WhiteElo "2255"]
[BlackElo "2190"]
[PlyCount "101"]
[EventDate "1996.10.12"]
[EventCountry "DEN"]
[SourceVersionDate "2022.08.28"]

1. d4 Nf6 2. c4 g6 3. Nc3 Bg7 4. e4 d6 5. Be2 O-O 6. f4 c5 7. d5 e6 8. Nf3 exd5
9. cxd5 Bg4 10. O-O Bxf3 11. Bxf3 Nbd7 12. Re1 Re8 13. a4 a6 14. Be3 Rc8 15. a5
c4 16. Bd4 Nc5 17. Re2 Nd3 18. Bb6 Qd7 19. Qd2 Qe7 20. Kh1 Nd7 21. Bg1 Qf6 22.
g3 N7c5 23. Ra3 Rc7 24. Bg2 Qd8 25. Qc2 Rce7 26. Bf3 Qd7 27. Ra1 f5 28. Bxc5
Nxc5 29. exf5 Qxf5 30. Qxf5 gxf5 31. Rae1 Kf8 32. Kg2 Nd3 33. Rb1 Rxe2+ 34.
Bxe2 Bxc3 35. Bxd3 cxd3 36. bxc3 Re2+ 37. Kf3 Rxh2 38. Rd1 d2 39. Ke3 Rg2 40.
Kd3 Rh2 41. Ke3 Ke7 42. Rxd2 Rxd2 43. Kxd2 Kd7 44. Kd3 Kc7 45. Kd4 b6 46. axb6+
Kxb6 47. c4 Kc7 48. Kc3 h5 49. Kd4 a5 50. c5 dxc5+ 51. Kxc5 0-1

[Event "Obro 60 aar"]
[Site "Kobenhavn"]
[Date "1996.10.13"]
[Round "2"]
[White "Nielsen, Poul Steen"]
[Black "Pedersen, Thomas Vils"]
[Result "0-1"]
[WhiteElo "2000"]
[BlackElo "2000"]
[PlyCount "100"]
[EventDate "1996.10.12"]
[EventCountry "DEN"]
[SourceVersionDate "2022.08.28"]

1. d4 Nf6 2. Bg5 e6 3. e3 c5 4. Nf3 Nc6 5. c3 Be7 6. dxc5 Bxc5 7. Bd3 d5 8.
Nbd2 Qb6 9. Nb3 Be7 10. O-O e5 11. Be2 Be6 12. Bh4 O-O 13. h3 Rfd8 14. Bg3 Nd7
15. Nfd2 Bf5 16. a4 a5 17. Bb5 Bf6 18. Qf3 Be6 19. e4 d4 20. c4 Nc5 21. Nxc5
Qxc5 22. Nb3 Qb4 23. Qd3 Na7 24. Rfc1 Nxb5 25. axb5 a4 26. Nd2 Bg5 27. f4 Bxf4
28. Bxf4 exf4 29. c5 Rac8 30. c6 bxc6 31. Rxc6 Rxc6 32. bxc6 Rc8 33. Rc1 Qxb2
34. Rc2 Qa1+ 35. Kf2 h6 36. Nf3 Bb3 37. Rc5 Qb2+ 38. Kg1 a3 39. Qxd4 Qb1+ 40.
Kh2 a2 41. Ra5 Qc1 42. Ne5 Qe3 43. Qb4 Qg3+ 44. Kh1 Rd8 45. Nd7 f3 46. gxf3
Qxh3+ 47. Kg1 Qg3+ 48. Kf1 Qxf3+ 49. Kg1 Qg3+ 50. Kh1 Bd1 0-1

[Event "Obro 60 aar"]
[Site "Kobenhavn"]
[Date "1996.10.13"]
[Round "2"]
[White "Hartvig, Ove Weiss"]
[Black "Tonning, Erik"]
[Result "1-0"]
[WhiteElo "2310"]
[BlackElo "2205"]
[PlyCount "117"]
[EventDate "1996.10.12"]
[EventCountry "DEN"]
[SourceVersionDate "2022.08.28"]

1. e4 e6 2. d3 d5 3. Nd2 Nf6 4. g3 b6 5. Bg2 Ba6 6. Nh3 h5 7. O-O Be7 8. exd5
exd5 9. Re1 h4 10. Nf3 hxg3 11. hxg3 Bc8 12. Nhg5 Bg4 13. Qd2 Nbd7 14. Nd4 Nb8
15. Qf4 Kf8 16. Nf5 Bxf5 17. Qxf5 Nc6 18. Nxf7 Kxf7 19. Qe6+ Kg6 20. Qxc6 Qd6
21. Qxd6 Bxd6 22. c4 Rae8 23. Bd2 dxc4 24. dxc4 Rd8 25. Bc3 Rhf8 26. Re2 a5 27.
a3 Rf7 28. Bh3 Bc5 29. Be6 Rff8 30. g4 Rde8 31. Rae1 Rd8 32. Bf5+ Kf7 33. b4
axb4 34. axb4 Bd4 35. Re7+ Kg8 36. Be6+ Kh7 37. Bf5+ Kh8 38. Kg2 Nxg4 39. Bxd4
Rxf5 40. Bxg7+ Kg8 41. Ba1 Nxf2 42. Rxc7 Nd1 43. Re2 Rf4 44. Be5 Rf5 45. Rg7+
Kf8 46. Rb7 Rc8 47. Rd7 Rxe5 48. Rxe5 Nb2 49. Rh5 Kg8 50. c5 bxc5 51. Rxc5 Rb8
52. Rcc7 Na4 53. Rb7 Rxb7 54. Rxb7 Kf8 55. Kf3 Ke8 56. Ke4 Kd8 57. Kd5 Nc3+ 58.
Kd6 Ne4+ 59. Kc6 1-0

[Event "Obro 60 aar"]
[Site "Kobenhavn"]
[Date "1996.10.13"]
[Round "2"]
[White "Vestergaard, Kenneth"]
[Black "Petersen, Nils"]
[Result "1-0"]
[WhiteElo "2000"]
[BlackElo "2135"]
[PlyCount "91"]
[EventDate "1996.10.12"]
[EventCountry "DEN"]
[SourceVersionDate "2022.08.28"]

1. e4 c5 2. Nf3 e6 3. d4 cxd4 4. Nxd4 Nc6 5. Be2 d6 6. O-O Nge7 7. Kh1 Nxd4 8.
Qxd4 Nc6 9. Qc3 Bd7 10. Be3 Be7 11. Qd2 O-O 12. c4 Rc8 13. Na3 a6 14. Rfd1 Nb8
15. Bd4 Bc6 16. Qd3 Bf6 17. Rd2 e5 18. Be3 Qc7 19. Rad1 Be7 20. f4 Nd7 21. b4
Nf6 22. Bf3 Ba4 23. Rb1 Bd7 24. f5 h6 25. g4 Nh7 26. c5 Bg5 27. Bxg5 Nxg5 28.
Bg2 f6 29. Nc4 Nf7 30. Nxd6 Nxd6 31. Qxd6 Qxd6 32. Rxd6 Ba4 33. Rb2 Rfd8 34.
Rbd2 Rxd6 35. Rxd6 Kf7 36. Bf1 Ke7 37. Bc4 a5 38. a3 axb4 39. axb4 Bc6 40. Bd5
Rc7 41. h4 Rc8 42. Kg2 Bxd5 43. exd5 Ra8 44. Rb6 Ra7 45. b5 Kd7 46. Rxb7+ 1-0

[Event "Obro 60 aar"]
[Site "Kobenhavn"]
[Date "1996.10.13"]
[Round "2"]
[White "Jorgensen, Brian Jorgen"]
[Black "Stojanovski, Sandi"]
[Result "1-0"]
[WhiteElo "2290"]
[BlackElo "2200"]
[PlyCount "87"]
[EventDate "1996.10.12"]
[EventCountry "DEN"]
[SourceVersionDate "2022.08.28"]

1. e4 Nf6 2. e5 Nd5 3. d4 d6 4. Nf3 Bg4 5. Be2 e6 6. O-O Be7 7. c4 Nb6 8. Nc3
O-O 9. Be3 N8d7 10. exd6 cxd6 11. b3 a6 12. Qd2 h6 13. Rfe1 d5 14. c5 Nc8 15.
b4 Bf6 16. h3 Bh5 17. Bf4 Bxf3 18. Bxf3 Bg5 19. Bxg5 Qxg5 20. Qd3 Ne7 21. Bd1
Nc6 22. a3 g6 23. Bc2 b6 24. Rad1 bxc5 25. bxc5 Na5 26. Ba4 Nb8 27. Nb1 Nbc6
28. Nd2 Rfc8 29. Rb1 Qf6 30. Nf3 Nc4 31. Rb7 N6a5 32. Rd7 Rab8 33. Qc3 Rxc5 34.
Qc1 Rcc8 35. Qxh6 Nb6 36. Ne5 Nxd7 37. Nxd7 Qg7 38. Qf4 Rb7 39. Nf6+ Kf8 40.
Qd6+ Re7 41. Nd7+ Kg8 42. Qxe7 Qxd4 43. Ne5 Rf8 44. Be8 1-0

[Event "Obro 60 aar"]
[Site "Kobenhavn"]
[Date "1996.10.13"]
[Round "2"]
[White "Johansen, Morten"]
[Black "Brinck Claussen, Bjorn"]
[Result "0-1"]
[WhiteElo "2220"]
[BlackElo "2395"]
[PlyCount "106"]
[EventDate "1996.10.12"]
[EventCountry "DEN"]
[SourceVersionDate "2022.08.28"]

1. d4 Nf6 2. c4 g6 3. Nc3 d5 4. cxd5 Nxd5 5. e4 Nxc3 6. bxc3 Bg7 7. Bc4 O-O 8.
Be3 c5 9. Ne2 Nc6 10. Rc1 cxd4 11. cxd4 Qa5+ 12. Kf1 Bd7 13. h4 Rfc8 14. Qb3
Nd8 15. f3 b5 16. Bd3 Rxc1+ 17. Bxc1 Rc8 18. Be3 b4 19. h5 Ba4 20. Qb1 Bb5 21.
Bxb5 Qxb5 22. hxg6 hxg6 23. Kf2 a5 24. Rc1 Rxc1 25. Qxc1 Kf8 26. Qc5 Qxc5 27.
dxc5 Nc6 28. Nc1 a4 29. Ke2 Ke8 30. f4 Bb2 31. Kd3 Na5 32. Bd2 Bxc1 33. Bxc1 b3
34. axb3 Nxb3 35. Ba3 Kd7 36. c6+ Kxc6 37. Bxe7 Nc5+ 38. Kc4 Nxe4 39. Kb4 f5
40. Kxa4 Kd5 41. Kb3 Kd4 42. Bd8 Ke3 43. Bc7 Nc5+ 44. Kc4 Ne6 45. Bb8 Nxf4 46.
g3 Ne2 47. g4 fxg4 48. Kd5 g3 49. Ke5 g2 50. Ba7+ Kf3 51. Kf6 Nf4 52. Kg5 Nh3+
53. Kxg6 Nf2 0-1

[Event "Obro 60 aar"]
[Site "Kobenhavn"]
[Date "1996.10.13"]
[Round "2"]
[White "Jakobsen, Ole"]
[Black "Fredericia, Louise Winther"]
[Result "1/2-1/2"]
[WhiteElo "2400"]
[BlackElo "2000"]
[PlyCount "110"]
[EventDate "1996.10.12"]
[EventCountry "DEN"]
[SourceVersionDate "2022.08.28"]

1. d4 Nf6 2. c4 d6 3. Nc3 Nbd7 4. e4 e5 5. Nf3 Be7 6. Be2 c6 7. O-O O-O 8. Re1
a6 9. h3 b5 10. a3 Bb7 11. cxb5 cxb5 12. d5 Rc8 13. Bf1 Nb6 14. a4 bxa4 15.
Nxa4 Nfd7 16. Nxb6 Nxb6 17. Qb3 Rb8 18. Bxa6 Ba8 19. Qd1 f5 20. Bd3 Nd7 21. Bc4
Qe8 22. b3 fxe4 23. Nd2 Nb6 24. Nxe4 Qf7 25. Ra7 Rb7 26. Rxb7 Bxb7 27. Be3 Nxc4
28. bxc4 Qg6 29. Qg4 Qxg4 30. hxg4 Rc8 31. Rc1 Ba6 32. c5 Bd3 33. cxd6 Rxc1+
34. Bxc1 Bxe4 35. dxe7 Kf7 36. d6 Bc6 37. f3 Ke6 38. Ba3 Kd7 39. Kf2 g6 40. Ke3
Ke6 41. g3 Kd7 42. f4 Ke6 43. Bb4 h5 44. f5+ Kf6 45. fxg6 hxg4 46. Bc3 Kxg6 47.
Bxe5 Kf7 48. Kd4 Ke8 49. Kc5 Bd7 50. Bd4 Be6 51. Kc6 Bd7+ 52. Kd5 Bf5 53. Ke5
Bd7 54. Kf6 Bc8 55. Bc5 Bd7 1/2-1/2

[Event "Obro 60 aar"]
[Site "Kobenhavn"]
[Date "1996.10.14"]
[Round "3"]
[White "Pallesen, Jacob"]
[Black "Nilsson, Lars Kjoller"]
[Result "1/2-1/2"]
[WhiteElo "2000"]
[BlackElo "2200"]
[PlyCount "137"]
[EventDate "1996.10.12"]
[EventCountry "DEN"]
[SourceVersionDate "2022.08.28"]

1. d4 Nf6 2. c4 Nc6 3. Nc3 e5 4.
d5 Ne7 5. e4 Ng6 6. a3 d6 7. Nf3 Be7 8. b4 a5 9. Bd2 axb4 10. axb4 Bg4 11. Be2
O-O 12. h3 Bd7 13. O-O Nh5 14. Ne1 Rxa1 15. Qxa1 Nhf4 16. Nd3 Bg5 17. Nxf4 Nxf4
18. Bxf4 Bxf4 19. Bf3 Qg5 20. Kh1 Qh4 21. Ne2 g5 22. Nxf4 gxf4 23. Kh2 f5 24.
Qa5 fxe4 25. Bxe4 f3 26. Bxf3 b6 27. Qa3 Qxc4 28. Qc1 Rf4 29. Qxc4 Rxc4 30. Be2
Rxb4 31. Rc1 Bb5 32. Bxb5 Rxb5 33. Rxc7 Rxd5 34. Kg3 Rc5 35. Rd7 d5 36. Kg4 e4
37. Kf5 Rc2 38. Rxd5 Rxf2+ 39. Kxe4 Rxg2 40. Rb5 Rg6 41. Kf4 Kf7 42. Rh5 h6 43.
Rb5 Ke7 44. h4 Kd7 45. Kf5 Rc6 46. Rb1 h5 47. Kg5 Rc5+ 48. Kf4 b5 49. Ke3 Kc6
50. Rg1 b4 51. Kd4 Rf5 52. Rh1 Kb5 53. Kd3 Rf4 54. Kc2 Kc4 55. Rh3 b3+ 56. Kb2
Rf2+ 57. Kb1 Kb4 58. Rh1 Ka3 59. Ka1 Kb4 60. Kb1 Kc4 61. Rh3 Rd2 62. Kc1 Rd3
63. Rxd3 Kxd3 64. Kb2 Ke3 65. Kxb3 Kf3 66. Kc3 Kg4 67. Kd3 Kxh4 68. Ke2 Kg3 69.
Kf1 1/2-1/2

[Event "Obro 60 aar"]
[Site "Kobenhavn"]
[Date "1996.10.14"]
[Round "3"]
[White "Brinck Claussen, Bjorn"]
[Black "Jorgensen, Brian Jorgen"]
[Result "1/2-1/2"]
[WhiteElo "2395"]
[BlackElo "2290"]
[PlyCount "37"]
[EventDate "1996.10.12"]
[EventCountry "DEN"]
[SourceVersionDate "2022.08.28"]

1. e4 c5 2. Nf3 d6 3. d4 cxd4 4. Nxd4 Nf6 5. Nc3 a6 6. Be2 e6 7. g4 b5 8. g5
Nfd7 9. a3 Bb7 10. Be3 Nc6 11. Qd2 Be7 12. Rg1 Na5 13. b4 Nc6 14. Nxc6 Bxc6 15.
f4 Qc7 16. h4 Rc8 17. Bd3 Bb7 18. Ne2 Nb6 19. Qc3 1/2-1/2

[Event "Obro 60 aar"]
[Site "Kobenhavn"]
[Date "1996.10.14"]
[Round "3"]
[White "Pedersen, Thomas Vils"]
[Black "Hartung Nielsen, Jens"]
[Result "1/2-1/2"]
[WhiteElo "2000"]
[BlackElo "2255"]
[PlyCount "45"]
[EventDate "1996.10.12"]
[EventCountry "DEN"]
[SourceVersionDate "2022.08.28"]

1. d4
Nf6 2. Nf3 e6 3. c4 Bb4+ 4. Bd2 Qe7 5. g3 Nc6 6. Nc3 Bxc3 7. Bxc3 Ne4 8. Rc1 d6
9. Bg2 O-O 10. d5 Nxc3 11. Rxc3 Nb8 12. dxe6 fxe6 13. O-O Nd7 14. Nd2 e5 15.
Ne4 Nf6 16. c5 Nxe4 17. Bxe4 Bh3 18. cxd6 cxd6 19. Qd5+ Be6 20. Qxb7 Qxb7 21.
Bxb7 Rab8 22. Rc7 Rf7 23. Rfc1 1/2-1/2

[Event "Obro 60 aar"]
[Site "Kobenhavn"]
[Date "1996.10.14"]
[Round "3"]
[White "Palm, Nikolaj"]
[Black "Larsen, Peder"]
[Result "1-0"]
[WhiteElo "2260"]
[BlackElo "2050"]
[PlyCount "57"]
[EventDate "1996.10.12"]
[EventCountry "DEN"]
[SourceVersionDate "2022.08.28"]

1. d4 Nf6 2. Nf3 d6 3. c4 g6 4. Nc3 Bg7 5. e4 O-O 6. h3 e5 7. dxe5 dxe5 8. Be3
c6 9. Be2 Qe7 10. O-O Na6 11. a3 Nh5 12. Re1 Nc5 13. Qc2 Nf4 14. Bf1 f5 15.
Bxf4 exf4 16. exf5 Qc7 17. fxg6 Bf5 18. gxh7+ Kxh7 19. Qe2 Nd3 20. Qe7 Qxe7 21.
Rxe7 Nxb2 22. Nh4 Kh6 23. Nxf5+ Rxf5 24. Rc1 Bxc3 25. Rxc3 Na4 26. Rd3 Rf6 27.
Rdd7 Nc5 28. Rh7+ Kg6 29. Rdg7+ 1-0

[Event "Obro 60 aar"]
[Site "Kobenhavn"]
[Date "1996.10.14"]
[Round "3"]
[White "Tonning, Erik"]
[Black "Petersen, Steen Brustrup"]
[Result "1/2-1/2"]
[WhiteElo "2205"]
[BlackElo "2150"]
[PlyCount "67"]
[EventDate "1996.10.12"]
[EventCountry "DEN"]
[SourceVersionDate "2022.08.28"]

1. e4 c5 2. Nf3 d6 3. d4 cxd4 4. Nxd4 Nf6 5. Nc3 g6 6. Be3 Bg7 7. f3 O-O 8. Qd2
Nc6 9. O-O-O d5 10. Kb1 Rb8 11. Qe1 e5 12. Nxc6 bxc6 13. Bxa7 Rb7 14. Bc5 d4
15. Ne2 Re8 16. Nc1 Nd7 17. Ba3 Qb6 18. b3 Nc5 19. Bxc5 Qxc5 20. Qd2 Be6 21.
Nd3 Qa3 22. Qc1 Ra7 23. Qxa3 Rxa3 24. Kb2 Rea8 25. Ra1 Bh6 26. Nf2 Bd2 27. Nd1
c5 28. Bb5 c4 29. bxc4 Bc3+ 30. Nxc3 dxc3+ 31. Kb1 Rc8 32. Kc1 Bxc4 33. Bxc4
Rxc4 34. Rd1 1/2-1/2